Hijos ilustres de Chillán

में बचाया:
ग्रंथसूची विवरण
मुख्य लेखक: Amunátegui Solar, Domingo (लेखक)
स्वरूप: पुस्तक
भाषा:स्पेनिश
प्रकाशित: Santiago Prensas de la Universidad de Chile 1935
संस्करण:1a. ed
विषय:
टैग: टैग जोड़ें
कोई टैग नहीं, इस रिकॉर्ड को टैग करने वाले पहले व्यक्ति बनें!

MARC

LEADER 00000nam a2200000 a 4500
001 UCJ4653
003 CL-VaPUC
005 20250327093505.0
008 070124e19350000CL |||||||||||||||||spa|d
999 |c 320769  |d 320767 
040 |c Pontificia Universidad Católica de Valparaíso 
082 0 4 |a 923  |b AMU  |2 21 
100 0 |a Amunátegui Solar, Domingo  |e author  |9 444723 
245 1 0 |a Hijos ilustres de Chillán 
250 |a 1a. ed 
260 |a Santiago  |b Prensas de la Universidad de Chile  |c 1935 
300 |a 87 p 
500 |a Incluye un listado de los intendentes habidos en Chillán a lo largo de su historia 
583 |a last modification  |c 20070124 00:00:00  |k Rodrigo Vera 
600 0 7 |a LICEO DE CHILLAN  |2 CL-VaPUC  |9 508746 
600 0 7 |a LICEO DE NIÑAS DE CHILLAN  |2 CL-VaPUC  |9 508747 
600 0 7 |a GAMBOA, BARTOLOME DE  |2 CL-VaPUC  |9 508748 
600 0 |a Núñez de Pineda y Bascuñán, Francisco,  |d 1607-1682  |9 318978 
600 0 |a Olivares, Miguel de,   |d 1713-1793  |9 506645 
600 0 |a O'higgins Riquelme, Bernardo  |9 387808 
600 0 7 |a RODRIGUEZ ALDEA, JOSE ANTONIO  |2 CL-VaPUC  |9 506394 
600 0 7 |a LAGOS, PEDRO  |2 CL-VaPUC  |9 508697 
600 0 7 |a ALDEA, JUAN DE DIOS  |2 CL-VaPUC  |9 508749 
600 0 7 |a PUGA BORNE, FEDERICO  |2 CL-VaPUC  |9 506602 
600 0 7 |a Labarca, Santiago  |d 1893-1968  |9 859739 
600 0 7 |a BRUNET, MARTA  |2 CL-VaPUC  |9 352823 
650 7 |a BIOGRAFIA  |2 CL-VaPUC  |9 504622 
650 0 |a Historia local  |9 266584 
650 7 |a INTENDENTES  |2 CL-VaPUC  |9 383916 
650 7 |a RECTORES  |2 CL-VaPUC  |9 372380 
650 0 |a Guerra de Arauco  |9 267618 
650 0 |a Terremotos  |9 267728 
650 7 |a HIJOS ILUSTRES  |2 CL-VaPUC  |9 508751 
650 7 |a DESARROLLO URBANO  |2 CL-VaPUC  |9 508752 
650 0 |a Cultura  |9 269059 
651 0 |a Chillán  |9 344249 
852 |a BIBCUR 
942 |c BK  |2 ddc 
945 |d 20070124 00:00:00  |a rinostro 
952 |0 0  |1 0  |4 0  |6 923_000000000000000_AMU_1935  |7 0  |8 X  |9 399366  |a FDOBUD  |b FDOBUD  |d 2019-11-22  |i 1022776  |o 923 AMU 1935  |p 1022776  |r 2019-11-22  |w 2019-11-22  |y BK_X  |k BUD